| 000 | nam a22 7a 4500 | ||
|---|---|---|---|
| 999 |
_c127554 _d127554 |
||
| 008 | 180226b xxu||||| |||| 00| 0 eng d | ||
| 050 |
_aGN470 _b.J4 |
||
| 100 |
_aJensen, Adolphe E. _939598 |
||
| 245 |
_aMythes et cultes chez les peuples primitifs _cAdolphe E. Jensen |
||
| 260 |
_aParis _bPayot _c1954 |
||
| 300 |
_a381p. ; _c23cm. |
||
| 440 |
_aBibliotheque historique _939599 |
||
| 650 |
_aReligion, Primitive _925846 |
||
| 942 |
_2lcc _cMONOGRAPH |
||